[Event "4th Alicante it"]
[Site "Alicante ESP"]
[Date "1977.??.??"]
[Round "1"]
[White "Eslon, Jaan"]
[WhiteElo "2385"]
[Black "Sanz Alonso, Francisco Javier"]
[BlackElo "2350"]
[Result "1/2-1/2"]
[EventDate "1977.01.03"]
[PlyCount "70"]

1.e4 e5 2.Nf3 Nc6 3.Bb5 g6 4.c3 Bg7 5.d4 Nge7 6.dxe5 Nxe5 7.Nxe5 Bxe5 8.
Bh6 c6 9.f4 Ng8 10.Bg5 Bf6 11.Bc4 Bxg5 12.fxg5 Qxg5 13.O-O Nh6 14.Qd6 Qe7 
15.Qf4 O-O 16.Qxh6 Qc5+ 17.Kh1 Qxc4 18.Nd2 Qe6 19.Nf3 Qe7 20.e5 f6 21.exf6
Qxf6 22.Nd2 Qg7 23.Rxf8+ Qxf8 24.Qh4 d5 25.Re1 Bf5 26.Re7 h5 27.h3 Re8 28.
Rxb7 Rb8 29.Rxa7 Rxb2 30.Qg5 c5 31.Ra6 Qe8 32.Kg1 Qe1+ 33.Kh2 Qe5+ 34.Kg1 
Qe1+ 35.Kh2 Qe5+ 1/2-1/2

[Event "4th Alicante it"]
[Site "Alicante ESP"]
[Date "1977.??.??"]
[Round "1"]
[White "Garcia Padron, Jose"]
[WhiteElo "2425"]
[Black "Martin Gonzalez, Angel"]
[BlackElo "2340"]
[Result "0-1"]
[EventDate "1977.01.03"]
[PlyCount "74"]

1.e4 c5 2.Nf3 d6 3.d4 cxd4 4.Nxd4 Nf6 5.Nc3 g6 6.Be3 Bg7 7.f3 O-O 8.Qd2 
Nc6 9.Bc4 Bd7 10.O-O-O Rc8 11.Bb3 Ne5 12.h4 Nc4 13.Bxc4 Rxc4 14.h5 Nxh5 
15.g4 Nf6 16.e5 Nxg4 17.fxg4 Bxg4 18.Rdg1 dxe5 19.Rxg4 h5 20.Ne6 Qxd2+ 21.
Kxd2 hxg4 22.Nxf8 Kxf8 23.Bxa7 e4 24.Be3 f5 25.Rf1 Kf7 26.Nd5 e6 27.Nb6 
Rc6 28.b3 g5 29.a4 f4 30.Nc4 Kg6 31.Ba7 g3 32.Ke2 f3+ 33.Ke3 Kf5 34.Bb8 g2
35.Rd1 Rxc4 36.bxc4 Bd4+ 37.Kxd4 f2 0-1

[Event "4th Alicante it"]
[Site "Alicante ESP"]
[Date "1977.??.??"]
[Round "1"]
[White "Hernandez Onna, Roman"]
[WhiteElo "2435"]
[Black "Pomar Salamanca, Arturo"]
[BlackElo "2435"]
[Result "1/2-1/2"]
[EventDate "1977.01.03"]
[PlyCount "39"]

1.c4 Nf6 2.Nc3 e6 3.d4 Bb4 4.e3 O-O 5.Bd3 d5 6.Nf3 c5 7.O-O dxc4 8.Bxc4 
Nc6 9.Bd3 Qe7 10.Ne4 Nxe4 11.Bxe4 Rd8 12.Qc2 cxd4 13.Bxh7+ Kh8 14.exd4 
Nxd4 15.Nxd4 Rxd4 16.Be3 Rh4 17.Be4 f5 18.Bf3 e5 19.g3 e4 20.Bg2 1/2-1/2

[Event "4th Alicante it"]
[Site "Alicante ESP"]
[Date "1977.??.??"]
[Round "1"]
[White "Keene, Raymond Dennis"]
[WhiteElo "2510"]
[Black "Piasetski, Leon David"]
[BlackElo "2395"]
[Result "0-1"]
[EventDate "1977.01.03"]
[PlyCount "80"]

1.c4 g6 2.e4 Bg7 3.d4 d6 4.Nc3 c6 5.Be3 a6 6.a4 a5 7.Bd3 Nh6 8.h3 f6 9.Qd2
Nf7 10.Nge2 e5 11.O-O O-O 12.f4 Na6 13.Rad1 exd4 14.Bxd4 Nc5 15.Bc2 Qe7 
16.Ng3 Be6 17.b3 Rae8 18.Rde1 Bc8 19.Kh1 Qc7 20.Nd1 Ne6 21.Bc3 b6 22.f5 
Bh6 23.fxe6 Bxd2 24.exf7+ Rxf7 25.Bxd2 d5 26.exd5 Rxe1 27.Bxe1 cxd5 28.Ne3
Bb7 29.cxd5 f5 30.Bd3 Qe5 31.Bf2 f4 32.Ng4 Qxd5 33.Nh6+ Kg7 34.Be4 fxg3 
35.Bxd5 Rxf2 36.Rxf2 gxf2 37.Bc4 Kxh6 38.Kh2 Bd5 39.Bb5 Bxb3 40.Kg3 Bxa4 
0-1

[Event "4th Alicante it"]
[Site "Alicante ESP"]
[Date "1977.??.??"]
[Round "2"]
[White "Eslon, Jaan"]
[WhiteElo "2385"]
[Black "Hernandez Onna, Roman"]
[BlackElo "2435"]
[Result "1-0"]
[EventDate "1977.01.03"]
[PlyCount "71"]

1.e4 c5 2.Nf3 Nc6 3.d4 cxd4 4.Nxd4 g6 5.Nc3 Bg7 6.Nde2 a6 7.g3 Nf6 8.Bg2 
O-O 9.O-O d6 10.h3 Rb8 11.a4 b5 12.axb5 axb5 13.Nd5 e6 14.Nxf6+ Bxf6 15.c3
b4 16.Nd4 Nxd4 17.cxd4 Bb7 18.Be3 d5 19.e5 Be7 20.f4 Ra8 21.Rxa8 Qxa8 22.
g4 Qa2 23.f5 b3 24.Bh6 exf5 25.gxf5 Qxb2 26.Bxf8 Bxf8 27.fxg6 hxg6 28.Qf3 
f5 29.exf6 Qxd4+ 30.Kh1 b2 31.Qg3 Qxf6 32.Rxf6 b1=Q+ 33.Kh2 Bg7 34.Qb8+ 
Kh7 35.Rf7 Kh6 36.Qf4+ 1-0

[Event "4th Alicante it"]
[Site "Alicante ESP"]
[Date "1977.??.??"]
[Round "2"]
[White "Martin Gonzalez, Angel"]
[WhiteElo "2340"]
[Black "Robatsch, Karl"]
[BlackElo "2435"]
[Result "0-1"]
[EventDate "1977.01.03"]
[PlyCount "92"]

1.e4 c5 2.Nf3 Nc6 3.d4 cxd4 4.Nxd4 Nf6 5.Nc3 d6 6.f4 g6 7.Be2 Nxd4 8.Qxd4 
Bg7 9.Be3 O-O 10.Qd2 Bd7 11.O-O b5 12.Bf3 Rc8 13.Bxa7 b4 14.Nd1 Qc7 15.Bd4
Qxc2 16.Qxb4 Nd5 17.exd5 Rc4 18.Qe1 Bxd4+ 19.Kh1 Rc7 20.Be4 Qc4 21.f5 Bb5 
22.Rf3 Qe2 23.Nc3 Bxc3 24.Rxc3 Qxe1+ 25.Rxe1 Rxc3 26.bxc3 Rc8 27.Re3 Bc4 
28.a4 Bb3 29.g4 Rc4 30.Bf3 Kf8 31.a5 Ra4 32.fxg6 hxg6 33.Kg2 Rxa5 34.Rd3 
Rc5 35.Kg3 g5 36.h4 Bc4 37.Rd1 gxh4+ 38.Kxh4 Bb5 39.Rb1 Rxc3 40.Rxb5 Rxf3 
41.Rb2 Rd3 42.Rb5 Kg7 43.Kg5 Re3 44.Rb7 Re5+ 45.Kf4 Kf6 46.Rb5 e6 0-1

[Event "4th Alicante it"]
[Site "Alicante ESP"]
[Date "1977.??.??"]
[Round "2"]
[White "Pomar Salamanca, Arturo"]
[WhiteElo "2435"]
[Black "Rodriguez Vargas, Orestes"]
[BlackElo "2450"]
[Result "1/2-1/2"]
[EventDate "1977.01.03"]
[PlyCount "32"]

1.c4 e5 2.Nc3 Nf6 3.Nf3 Nc6 4.g3 g6 5.Bg2 Bg7 6.d4 exd4 7.Nxd4 Ne5 8.b3 
O-O 9.Bb2 Re8 10.O-O d6 11.Qd2 a5 12.Rac1 h5 13.Nf3 Nc6 14.Rfd1 Bf5 15.Nh4
Be6 16.Nf3 Bf5 1/2-1/2

[Event "4th Alicante it"]
[Site "Alicante ESP"]
[Date "1977.??.??"]
[Round "2"]
[White "Sanz Alonso, Francisco Javier"]
[WhiteElo "2350"]
[Black "Piasetski, Leon David"]
[BlackElo "2395"]
[Result "1/2-1/2"]
[EventDate "1977.01.03"]
[PlyCount "95"]

1.c4 g6 2.g3 Bg7 3.Bg2 d6 4.Nc3 Nc6 5.d3 Bd7 6.Rb1 h5 7.h3 Nh6 8.Bd2 Qc8 
9.b4 Nd8 10.e4 e5 11.Nf3 Ne6 12.Qc1 c6 13.Ne2 Kf8 14.Nh4 Qd8 15.O-O g5 16.
Nf5 Nxf5 17.exf5 Nc7 18.Bxg5 f6 19.Be3 Bxf5 20.Rb3 Qd7 21.Kh2 Kg8 22.Ng1 
h4 23.g4 Be6 24.f4 f5 25.g5 a6 26.Rb1 Re8 27.Nf3 Bf7 28.Qd2 Ne6 29.Rbe1 
Bg6 30.d4 e4 31.Ng1 Nc7 32.Rc1 Bf7 33.Rfd1 b5 34.Bf1 Re7 35.Rc2 bxc4 36.
Bxc4 Bxc4 37.Rxc4 d5 38.Rc2 Nb5 39.Rdc1 Re6 40.Rb2 Na3 41.Ne2 Qb7 42.Rb3 
Nb5 43.Nc3 Nxc3 44.Qxc3 Qb5 45.Qe1 Bf8 46.Qf1 Qa4 47.Qe2 Rh7 48.Rcb1 
1/2-1/2

[Event "4th Alicante it"]
[Site "Alicante ESP"]
[Date "1977.??.??"]
[Round "3"]
[White "Garcia Padron, Jose"]
[WhiteElo "2425"]
[Black "Pomar Salamanca, Arturo"]
[BlackElo "2435"]
[Result "0-1"]
[EventDate "1977.01.03"]
[PlyCount "116"]

1.e4 c6 2.Nc3 d5 3.Nf3 Bg4 4.h3 Bxf3 5.Qxf3 Nf6 6.d3 e6 7.g3 Bb4 8.Bd2 d4 
9.Nb1 Qb6 10.b3 a5 11.a3 Bxd2+ 12.Nxd2 O-O 13.Bg2 a4 14.b4 c5 15.Rb1 cxb4 
16.Rxb4 Qc5 17.Rxb7 Qxa3 18.O-O Nc6 19.Nc4 Qc3 20.e5 Nd5 21.Qe2 Rfb8 22.
Rxb8+ Rxb8 23.Bxd5 exd5 24.e6 dxc4 25.exf7+ Kxf7 26.Qf3+ Kg8 27.Qxc6 cxd3 
28.Qd6 Rf8 29.Qe6+ Kh8 30.Qe7 Rg8 31.cxd3 a3 32.Qa7 h6 33.Qa6 Rf8 34.h4 
Qb2 35.Qd6 Rf6 36.Qd8+ Kh7 37.Qa8 a2 38.Qe4+ Kg8 39.Qd5+ Rf7 40.Qa8+ Rf8 
41.Qa6 h5 42.Qe6+ Kh7 43.Qe1 Kh6 44.f4 Rf6 45.Kh1 Ra6 46.Qe5 a1=Q 47.Qg5+ 
Kh7 48.Qxh5+ Rh6 49.Qf5+ Rg6 50.Qh5+ Kg8 51.Qd5+ Kh8 52.Qh5+ Rh6 53.Qe8+ 
Kh7 54.Qe4+ Rg6 55.Rxa1 Qxa1+ 56.Kh2 Qa2+ 57.Kg1 Kh6 58.Qf3 Rb6 0-1

[Event "4th Alicante it"]
[Site "Alicante ESP"]
[Date "1977.??.??"]
[Round "3"]
[White "Hernandez Onna, Roman"]
[WhiteElo "2435"]
[Black "Sanz Alonso, Francisco Javier"]
[BlackElo "2350"]
[Result "1-0"]
[EventDate "1977.01.03"]
[PlyCount "101"]

1.d4 Nf6 2.c4 c5 3.e3 g6 4.Nf3 Bg7 5.Nc3 O-O 6.Be2 d5 7.O-O dxc4 8.Bxc4 
Qc7 9.d5 a6 10.a4 Nbd7 11.e4 Nb6 12.Ba2 Ne8 13.Re1 e5 14.Be3 Nd6 15.Nd2 
Bd7 16.Rc1 Nbc8 17.Ncb1 b6 18.b4 Qd8 19.bxc5 bxc5 20.Rxc5 f5 21.f3 Kh8 22.
Rc1 f4 23.Bf2 g5 24.Bc4 h5 25.Be2 Rg8 26.h3 Bf6 27.Qb3 Qe8 28.a5 Qg6 29.
Rc7 Rg7 30.Nc3 Bd8 31.Rxd7 Rxd7 32.Qa4 Rc7 33.Na2 Qe8 34.Qxe8+ Nxe8 35.Nc4
Bf6 36.Nb4 Ned6 37.Nb6 Nxb6 38.axb6 Rc3 39.Bxa6 g4 40.hxg4 hxg4 41.fxg4 
Be7 42.Rb1 Nxe4 43.b7 Rg8 44.Na2 Rc2 45.b8=Q Rxb8 46.Rxb8+ Kg7 47.Rb7 Rxa2
48.Rxe7+ Kf8 49.Rxe5 Nxf2 50.Be2 f3 51.gxf3 1-0

[Event "4th Alicante it"]
[Site "Alicante ESP"]
[Date "1977.??.??"]
[Round "3"]
[White "Keene, Raymond Dennis"]
[WhiteElo "2510"]
[Black "Martin Gonzalez, Angel"]
[BlackElo "2340"]
[Result "1-0"]
[EventDate "1977.01.03"]
[PlyCount "47"]

1.b3 e5 2.Bb2 Nc6 3.e3 d5 4.Bb5 Bd6 5.f4 Qh4+ 6.g3 Qe7 7.Nf3 f6 8.Qe2 Bg4 
9.h3 Bh5 10.g4 Bf7 11.Bxc6+ bxc6 12.Qa6 Kd7 13.Nc3 d4 14.Ne4 Bd5 15.Nxd6 
Bxf3 16.Rf1 Bd5 17.Nf5 Qc5 18.O-O-O Be4 19.d3 Bxf5 20.gxf5 Ne7 21.e4 exf4 
22.Rxf4 g5 23.Rf2 Qe5 24.Qa4 1-0

[Event "4th Alicante it"]
[Site "Alicante ESP"]
[Date "1977.??.??"]
[Round "3"]
[White "Rodriguez Vargas, Orestes"]
[WhiteElo "2450"]
[Black "Eslon, Jaan"]
[BlackElo "2385"]
[Result "1-0"]
[EventDate "1977.01.03"]
[PlyCount "83"]

1.d4 e6 2.c4 Bb4+ 3.Nc3 f5 4.Qc2 Nf6 5.a3 Bxc3+ 6.Qxc3 Ne4 7.Qc2 d6 8.e3 
b6 9.Ne2 O-O 10.b3 Bb7 11.f3 Qh4+ 12.g3 Qe7 13.Bg2 Nf6 14.Bb2 Nbd7 15.O-O 
Rae8 16.Rae1 c5 17.Nc3 a6 18.Re2 Nb8 19.b4 Qc7 20.dxc5 bxc5 21.b5 Nbd7 22.
bxa6 Bxa6 23.Nb5 Qb6 24.a4 d5 25.Rb1 dxc4 26.Qxc4 Nd5 27.e4 fxe4 28.fxe4 
Nc7 29.Bc3 Nf6 30.h3 Nxb5 31.axb5 Bb7 32.Be5 Rd8 33.Kh2 Nd7 34.Bf4 Kh8 35.
Rd2 Nf6 36.Rbd1 Rxd2 37.Rxd2 Rd8 38.Rxd8+ Qxd8 39.Qxe6 Qa8 40.b6 Nxe4 41.
Qe7 Bd5 42.Be5 1-0

[Event "4th Alicante it"]
[Site "Alicante ESP"]
[Date "1977.??.??"]
[Round "4"]
[White "Eslon, Jaan"]
[WhiteElo "2385"]
[Black "Garcia Padron, Jose"]
[BlackElo "2425"]
[Result "1/2-1/2"]
[EventDate "1977.01.03"]
[PlyCount "142"]

1.e4 c5 2.Nf3 d6 3.d4 cxd4 4.Nxd4 Nf6 5.Nc3 a6 6.Bg5 e6 7.f4 Be7 8.Qf3 Qc7
9.O-O-O Nbd7 10.Bd3 h6 11.Qh3 Nb6 12.f5 e5 13.Nb3 Bd7 14.Be3 Nc4 15.Bxc4 
Qxc4 16.Nd2 Qc6 17.Bg5 Rc8 18.Bxf6 Bxf6 19.Qd3 b5 20.Kb1 b4 21.Nd5 a5 22.
Rhe1 Bg5 23.Nf3 Qc5 24.Nxg5 hxg5 25.f6 gxf6 26.Nxf6+ Ke7 27.Nd5+ Kf8 28.h3
Be6 29.Ne3 Ke7 30.Rf1 a4 31.Rf3 Rh4 32.g4 a3 33.Nd5+ Ke8 34.b3 Rh6 35.c4 
bxc3 36.Nxc3 Ke7 37.Qd2 Rg6 38.Rd3 Kf8 39.Rc1 Qb4 40.Ka1 Rc6 41.Rf1 Rc8 
42.Rdf3 Rg7 43.Rd1 Rc6 44.Rc1 Rg6 45.Kb1 Kg7 46.Rff1 Rb6 47.Rc2 Rc6 48.
Rfc1 f6 49.Qe3 Rh6 50.Ne2 Rxc2 51.Rxc2 Rh7 52.Ng3 Kg6 53.Nf5 d5 54.exd5 
Bxd5 55.Ng3 Qd4 56.Qxd4 exd4 57.Rh2 Rc7 58.Rd2 Rc3 59.Rxd4 Bxb3 60.Ne2 Re3
61.axb3 Rxe2 62.Rd3 Rb2+ 63.Ka1 Kf7 64.Re3 Kf8 65.Rf3 Ke7 66.Re3+ Kf7 67.
Rf3 Ke6 68.Re3+ Kd5 69.Rf3 Ke5 70.Rf5+ Ke6 71.Rf3 Kf7 1/2-1/2

[Event "4th Alicante it"]
[Site "Alicante ESP"]
[Date "1977.??.??"]
[Round "4"]
[White "Hernandez Onna, Roman"]
[WhiteElo "2435"]
[Black "Rodriguez Vargas, Orestes"]
[BlackElo "2450"]
[Result "1/2-1/2"]
[EventDate "1977.01.03"]
[PlyCount "66"]

1.c4 g6 2.g3 Bg7 3.Bg2 e5 4.Nc3 Nc6 5.Nf3 d6 6.O-O f5 7.d3 Nf6 8.Rb1 a5 9.
a3 O-O 10.b4 axb4 11.axb4 f4 12.e3 fxg3 13.fxg3 e4 14.dxe4 Be6 15.Qb3 Ng4 
16.Nd5 Nce5 17.Bb2 c6 18.Nxe5 Nxe5 19.Rxf8+ Bxf8 20.Bxe5 dxe5 21.c5 b6 22.
Qc3 cxd5 23.exd5 Bf7 24.d6 Rc8 25.Bh3 Rc6 26.Qxe5 bxc5 27.bxc5 Bg7 28.Qe4 
Rxc5 29.Qe7 Qxe7 30.dxe7 Bf6 31.Rb8+ Kg7 32.e8=Q Bxe8 33.Rxe8 Re5 1/2-1/2

[Event "4th Alicante it"]
[Site "Alicante ESP"]
[Date "1977.??.??"]
[Round "4"]
[White "Martin Gonzalez, Angel"]
[WhiteElo "2340"]
[Black "Piasetski, Leon David"]
[BlackElo "2395"]
[Result "1-0"]
[EventDate "1977.01.03"]
[PlyCount "123"]

1.e4 c5 2.Nf3 e6 3.Nc3 Nc6 4.d4 cxd4 5.Nxd4 Nf6 6.Ndb5 d6 7.Bf4 e5 8.Bg5 
a6 9.Na3 b5 10.Bxf6 gxf6 11.Nd5 f5 12.Bd3 Be6 13.Qh5 Bg7 14.c3 f4 15.g3 
Ne7 16.Nxe7 Qxe7 17.Nc2 O-O 18.gxf4 exf4 19.Rg1 Kh8 20.O-O-O Be5 21.Nb4 
Rg8 22.Nd5 Qd8 23.Kb1 Rg6 24.h4 Qg8 25.Rg5 Rxg5 26.hxg5 Qg6 27.Qh4 Rg8 28.
Nf6 Bxf6 29.gxf6 Qg5 30.Qh2 Rg6 31.Rh1 h6 32.Bc2 Rxf6 33.Rg1 Qe5 34.Qh4 a5
35.a3 f3 36.Rg3 d5 37.exd5 Bxd5 38.Rg1 Qf4 39.Rg4 Qe5 40.Rd4 Be6 41.Re4 
Qg5 42.Rd4 Kg7 43.a4 bxa4 44.c4 Bf5 45.Bxf5 Qxh4 46.Rxh4 Rxf5 47.Ka2 h5 
48.Ka3 Kg6 49.Kxa4 Kg5 50.Rh3 h4 51.b4 axb4 52.Kxb4 Kg4 53.Rh2 Rh5 54.c5 
Kf5 55.Kb5 Ke5 56.Rh1 Rh8 57.c6 Kd6 58.Rd1+ Kc7 59.Rd7+ Kc8 60.Kb6 Rh6 61.
Rxf7 Kd8 62.Kb7 1-0

[Event "4th Alicante it"]
[Site "Alicante ESP"]
[Date "1977.??.??"]
[Round "4"]
[White "Pomar Salamanca, Arturo"]
[WhiteElo "2435"]
[Black "Robatsch, Karl"]
[BlackElo "2435"]
[Result "1/2-1/2"]
[EventDate "1977.01.03"]
[PlyCount "30"]

1.c4 g6 2.Nc3 c5 3.Nf3 Bg7 4.g3 Nc6 5.Bg2 d6 6.a3 a6 7.Rb1 Bd7 8.O-O Rb8 
9.b4 b6 10.Qc2 Nf6 11.d3 O-O 12.Bd2 Qc7 13.b5 Nd4 14.Qd1 Nxf3+ 15.Bxf3 a5 
1/2-1/2

[Event "4th Alicante it"]
[Site "Alicante ESP"]
[Date "1977.??.??"]
[Round "5"]
[White "Garcia Padron, Jose"]
[WhiteElo "2425"]
[Black "Hernandez Onna, Roman"]
[BlackElo "2435"]
[Result "1/2-1/2"]
[EventDate "1977.01.03"]
[PlyCount "31"]

1.c4 c5 2.Nc3 g6 3.g3 Bg7 4.Bg2 Nf6 5.d3 O-O 6.h4 d6 7.Nh3 Nc6 8.Nf4 h6 9.
Rb1 Bd7 10.Bd2 Rb8 11.a3 a6 12.b4 cxb4 13.axb4 b5 14.cxb5 axb5 15.Qc1 Rc8 
16.Qa3 1/2-1/2

[Event "4th Alicante it"]
[Site "Alicante ESP"]
[Date "1977.??.??"]
[Round "5"]
[White "Keene, Raymond Dennis"]
[WhiteElo "2510"]
[Black "Pomar Salamanca, Arturo"]
[BlackElo "2435"]
[Result "1/2-1/2"]
[EventDate "1977.01.03"]
[PlyCount "46"]

1.c4 Nf6 2.Nc3 e6 3.d4 Bb4 4.Bg5 c6 5.Nf3 Qa5 6.Bd2 d5 7.a3 Bxc3 8.Bxc3 
Qc7 9.e3 Ne4 10.Rc1 Nxc3 11.Rxc3 O-O 12.Qc2 Nd7 13.Bd3 h6 14.O-O dxc4 15.
Bxc4 e5 16.Re1 Re8 17.Qg6 Nb6 18.Qg3 Nxc4 19.Rxc4 Be6 20.Rc2 Qa5 21.dxe5 
Rad8 22.Rec1 Bf5 23.Rc3 Be4 1/2-1/2

[Event "4th Alicante it"]
[Site "Alicante ESP"]
[Date "1977.??.??"]
[Round "5"]
[White "Robatsch, Karl"]
[WhiteElo "2435"]
[Black "Eslon, Jaan"]
[BlackElo "2385"]
[Result "1/2-1/2"]
[EventDate "1977.01.03"]
[PlyCount "58"]

1.c4 Nf6 2.Nc3 e5 3.Nf3 e4 4.Ng5 b5 5.Ngxe4 Nxe4 6.Nxe4 bxc4 7.e3 Be7 8.
Nc3 d5 9.b3 cxb3 10.axb3 O-O 11.d4 Be6 12.Bb5 c6 13.Be2 Nd7 14.O-O a5 15.
Ba3 Bxa3 16.Rxa3 Qe7 17.Qa1 Qb4 18.Ra4 Qxb3 19.Rb1 Qc2 20.Rc1 Qg6 21.Rxa5 
Rab8 22.Ra6 Rfc8 23.Bf1 Qf6 24.Rb1 Rxb1 25.Qxb1 Qd8 26.Qb7 c5 27.Nxd5 Rb8 
28.Qc6 cxd4 29.exd4 Nf8 1/2-1/2

[Event "4th Alicante it"]
[Site "Alicante ESP"]
[Date "1977.??.??"]
[Round "5"]
[White "Rodriguez Vargas, Orestes"]
[WhiteElo "2450"]
[Black "Sanz Alonso, Francisco Javier"]
[BlackElo "2350"]
[Result "1-0"]
[EventDate "1977.01.03"]
[PlyCount "41"]

1.d4 Nf6 2.Nc3 d5 3.Bg5 c6 4.Bxf6 exf6 5.e3 Bd6 6.Bd3 O-O 7.Nge2 f5 8.Qd2 
Be6 9.h3 g6 10.O-O-O Re8 11.Rdg1 Nd7 12.g4 Qf6 13.f3 fxg4 14.hxg4 c5 15.
Bb5 Rad8 16.Bxd7 Rxd7 17.f4 Kh8 18.dxc5 Bxc5 19.Nd4 Rg8 $4 20.Rxh7+ Kxh7 
21.Qh2+ 1-0

[Event "4th Alicante it"]
[Site "Alicante ESP"]
[Date "1977.??.??"]
[Round "6"]
[White "Eslon, Jaan"]
[WhiteElo "2385"]
[Black "Keene, Raymond Dennis"]
[BlackElo "2510"]
[Result "0-1"]
[EventDate "1977.01.03"]
[PlyCount "120"]

1.Nf3 b6 2.g3 Bb7 3.Bg2 g6 4.O-O Bg7 5.d4 Nf6 6.c4 c5 7.Nc3 Ne4 8.Nxe4 
Bxe4 9.d5 O-O 10.Ne1 Bxg2 11.Nxg2 d6 12.Rb1 Nd7 13.b3 b5 14.Bb2 Qa5 15.
Bxg7 Kxg7 16.Qc2 bxc4 17.bxc4 Rab8 18.e4 Rb6 19.Rb3 Rfb8 20.Ne3 Rxb3 21.
axb3 Qb4 22.Qb2+ Kg8 23.Ra1 a5 24.Qa3 Qxb3 25.Qxb3 Rxb3 26.Rxa5 Ne5 27.Ra2
Rc3 28.Ra4 h5 29.Kg2 f6 30.h4 Rd3 31.Kf1 Rd4 32.f4 Ng4 33.Nxg4 hxg4 34.e5 
fxe5 35.fxe5 dxe5 36.Ke2 Kf7 37.Ke3 Kf6 38.Ra6+ Kf5 39.Ra8 e4 40.Rf8+ Ke5 
41.Rf4 Rd3+ 42.Ke2 Rxg3 43.Rf7 e6 44.Re7 Rc3 45.dxe6 g3 46.Rg7 Kxe6 47.
Rxg6+ Ke5 48.h5 Kd4 49.Kf1 Rc2 50.Rxg3 Rh2 51.Rg5 e3 52.Rd5+ Kxc4 53.Rd7 
Rxh5 54.Ke2 Re5 55.Rd8 Kc3 56.Rd3+ Kc2 57.Rd8 c4 58.Rc8 c3 59.Rc7 Kb3 60.
Rc8 c2 0-1

[Event "4th Alicante it"]
[Site "Alicante ESP"]
[Date "1977.??.??"]
[Round "6"]
[White "Pomar Salamanca, Arturo"]
[WhiteElo "2435"]
[Black "Piasetski, Leon David"]
[BlackElo "2395"]
[Result "1/2-1/2"]
[EventDate "1977.01.03"]
[PlyCount "36"]

1.d4 g6 2.g3 Bg7 3.Bg2 d6 4.Nf3 Nd7 5.c4 e5 6.Nc3 Ngf6 7.e4 O-O 8.O-O Re8 
9.Re1 c6 10.h3 Qb6 11.d5 c5 12.Qb3 Qd8 13.Qc2 Rf8 14.Nh2 Kh8 15.Ng4 Ng8 
16.f4 f5 17.exf5 gxf5 18.Nf2 a6 1/2-1/2

[Event "4th Alicante it"]
[Site "Alicante ESP"]
[Date "1977.??.??"]
[Round "6"]
[White "Rodriguez Vargas, Orestes"]
[WhiteElo "2450"]
[Black "Garcia Padron, Jose"]
[BlackElo "2425"]
[Result "1-0"]
[EventDate "1977.01.03"]
[PlyCount "51"]

1.d4 e6 2.c4 d5 3.Nc3 Nf6 4.Nf3 Be7 5.e3 O-O 6.b3 b6 7.Bd3 Bb7 8.Bb2 c5 9.
O-O Nc6 10.Rc1 dxc4 11.bxc4 cxd4 12.exd4 Rc8 13.Qe2 Nb4 14.Bb1 Bxf3 15.
gxf3 Qc7 16.Ne4 Qf4 17.Kh1 Rfd8 18.Rg1 g6 19.Rcd1 Rxc4 20.Nxf6+ Bxf6 21.
Rg4 Qc7 22.d5 Rxg4 23.Bxf6 Rf4 24.Bxd8 Qxd8 25.dxe6 Qe7 26.Qd2 1-0

[Event "4th Alicante it"]
[Site "Alicante ESP"]
[Date "1977.??.??"]
[Round "6"]
[White "Sanz Alonso, Francisco Javier"]
[WhiteElo "2350"]
[Black "Martin Gonzalez, Angel"]
[BlackElo "2340"]
[Result "0-1"]
[EventDate "1977.01.03"]
[PlyCount "68"]

1.c4 g6 2.g3 Bg7 3.Bg2 e5 4.Nc3 d6 5.d3 f5 6.e3 Nf6 7.Nge2 O-O 8.O-O Nc6 
9.Rb1 Be6 10.Nd5 Qd7 11.b4 Nh5 12.b5 Nd8 13.f4 Kh8 14.Qa4 Bg8 15.Ba3 Re8 
16.Qa5 Ne6 17.Bf3 a6 18.b6 c6 19.Ndc3 exf4 20.Bxh5 gxh5 21.gxf4 Nc5 22.d4 
Ne4 23.Nxe4 Rxe4 24.Rf3 Rae8 25.Qd2 Bxc4 26.Ng3 Bd5 27.Nxe4 Bxe4 28.Rbf1 
Bxf3 29.Rxf3 Qe6 30.Rh3 h4 31.d5 cxd5 32.Bb2 Rg8 33.Kf2 Qe4 34.Rxh4 Be5 
0-1

[Event "4th Alicante it"]
[Site "Alicante ESP"]
[Date "1977.??.??"]
[Round "7"]
[White "Keene, Raymond Dennis"]
[WhiteElo "2510"]
[Black "Hernandez Onna, Roman"]
[BlackElo "2435"]
[Result "1-0"]
[EventDate "1977.01.03"]
[PlyCount "53"]

1.c4 c5 2.Nf3 Nf6 3.Nc3 g6 4.d4 cxd4 5.Nxd4 Bg7 6.e4 Nc6 7.Nc2 b6 8.Be2 
Bb7 9.O-O Rc8 10.b3 O-O 11.Rb1 d6 12.Bb2 Nd7 13.Qd2 a5 14.f4 Nc5 15.Bf3 
Rc7 16.Nd5 Rd7 17.Bxg7 Kxg7 18.a3 f5 19.exf5 gxf5 20.Nd4 Nxd4 21.Qxd4+ Kg6
22.b4 Na4 23.Rbe1 Bxd5 24.Bxd5 axb4 25.Rf3 Rf6 26.Rg3+ Kh6 27.Rg8 1-0

[Event "4th Alicante it"]
[Site "Alicante ESP"]
[Date "1977.??.??"]
[Round "7"]
[White "Piasetski, Leon David"]
[WhiteElo "2395"]
[Black "Eslon, Jaan"]
[BlackElo "2385"]
[Result "1-0"]
[EventDate "1977.01.03"]
[PlyCount "71"]

1.d4 Nf6 2.c4 g6 3.Nc3 Bg7 4.e4 d6 5.f3 O-O 6.Be3 a6 7.Bd3 c5 8.dxc5 dxc5 
9.e5 Nfd7 10.f4 Nc6 11.Nf3 f6 12.e6 Nb6 13.Bxc5 Bxe6 14.Qe2 Bf7 15.O-O-O 
Qc7 16.Kb1 Nd7 17.Ba3 Qxf4 18.Be4 Nde5 19.Nd5 Qg4 20.h3 Qg3 21.Bc5 Nxf3 
22.Bxf3 e6 23.Bd6 e5 24.Nc7 Rac8 25.Bxf8 Kxf8 26.Bxc6 Rxc7 27.Rd8+ Ke7 28.
Qd2 e4 29.Rd7+ Kf8 30.Bxe4 $2 {30 Qb4+ forces mate} 30...Be6 31.Rd6 Ke7 
32.Rxe6+ Kxe6 33.Qd8 Qe5 34.Re1 Rd7 35.Bd5+ Kd6 36.Qb6+ 1-0

[Event "4th Alicante it"]
[Site "Alicante ESP"]
[Date "1977.??.??"]
[Round "7"]
[White "Robatsch, Karl"]
[WhiteElo "2435"]
[Black "Rodriguez Vargas, Orestes"]
[BlackElo "2450"]
[Result "1/2-1/2"]
[EventDate "1977.01.03"]
[PlyCount "37"]

1.c4 Nf6 2.Nc3 e5 3.Nf3 Nc6 4.g3 g6 5.Bg2 Bg7 6.d4 exd4 7.Nxd4 Ne5 8.b3 d6
9.Bb2 a5 10.Nf3 Ned7 11.Na4 O-O 12.O-O Re8 13.Re1 Ne4 14.Bxg7 Kxg7 15.Nd2 
Nec5 16.Nc3 Nf6 17.Nf1 Bf5 18.Ne3 Be4 19.Bxe4 1/2-1/2

[Event "4th Alicante it"]
[Site "Alicante ESP"]
[Date "1977.??.??"]
[Round "8"]
[White "Garcia Padron, Jose"]
[WhiteElo "2425"]
[Black "Robatsch, Karl"]
[BlackElo "2435"]
[Result "1/2-1/2"]
[EventDate "1977.01.03"]
[PlyCount "27"]

1.c4 Nf6 2.Nc3 e6 3.e4 c5 4.e5 Ng8 5.Nf3 Nc6 6.d4 cxd4 7.Nxd4 Nxd4 8.Qxd4 
Ne7 9.Bf4 Nc6 10.Qe3 Qa5 11.Bd3 Bc5 12.Qg3 Bd4 13.O-O Bxe5 14.Nb5 1/2-1/2

[Event "4th Alicante it"]
[Site "Alicante ESP"]
[Date "1977.??.??"]
[Round "8"]
[White "Hernandez Onna, Roman"]
[WhiteElo "2435"]
[Black "Piasetski, Leon David"]
[BlackElo "2395"]
[Result "1/2-1/2"]
[EventDate "1977.01.03"]
[PlyCount "113"]

1.c4 b6 2.Nc3 Bb7 3.d4 e6 4.Nf3 Bb4 5.e3 f5 6.Bd3 Nf6 7.O-O O-O 8.Ne1 Bxc3
9.bxc3 c5 10.f3 Qe7 11.Nc2 d6 12.Qe2 Nc6 13.e4 Nh5 14.g3 Rae8 15.Bd2 g6 
16.Rad1 f4 17.g4 Ng7 18.Qf2 e5 19.d5 Na5 20.Na1 Ba6 21.Qe2 h5 22.gxh5 Nxh5
23.Nb3 Nb7 24.a4 Na5 25.Nxa5 bxa5 26.Rb1 Rb8 27.Qg2 Kg7 28.Kf2 Qf6 29.Rg1 
Rxb1 30.Rxb1 Rf7 31.Rb8 Rf8 32.Rb1 Rh8 33.Ke2 Kf7 34.Be1 g5 35.Bf2 Ng7 36.
Rg1 Rb8 37.Be1 Rh8 38.Bf2 Bc8 39.Kd2 Bh3 40.Qxg5 Qxg5 41.Rxg5 Nh5 42.Rg1 
Nf6 43.Be2 Rb8 44.Bd3 Rh8 45.Be2 Bc8 46.h4 Nd7 47.Rg5 Nb6 48.h5 Rh6 49.Rg6
Rxg6 50.hxg6+ Kxg6 51.Bh4 Bd7 52.Be7 Nc8 53.Bd8 Bxa4 54.Bxa5 Nb6 55.Bxb6 
axb6 56.Ke1 Kg5 57.Kf2 1/2-1/2

[Event "4th Alicante it"]
[Site "Alicante ESP"]
[Date "1977.??.??"]
[Round "8"]
[White "Pomar Salamanca, Arturo"]
[WhiteElo "2435"]
[Black "Martin Gonzalez, Angel"]
[BlackElo "2340"]
[Result "1/2-1/2"]
[EventDate "1977.01.03"]
[PlyCount "30"]

1.d4 Nf6 2.Nf3 c5 3.c4 cxd4 4.Nxd4 b6 5.Nc3 Bb7 6.f3 e6 7.e4 d6 8.Be2 Be7 
9.O-O O-O 10.Be3 Nbd7 11.Re1 a6 12.Bf1 Re8 13.Bf2 Rc8 14.Rc1 Bf8 15.Kh1 
Qc7 1/2-1/2

[Event "4th Alicante it"]
[Site "Alicante ESP"]
[Date "1977.??.??"]
[Round "8"]
[White "Rodriguez Vargas, Orestes"]
[WhiteElo "2450"]
[Black "Keene, Raymond Dennis"]
[BlackElo "2510"]
[Result "0-1"]
[EventDate "1977.01.03"]
[PlyCount "62"]

1.d4 e6 2.c4 b6 3.Nc3 Bb7 4.e4 Bb4 5.Bd3 f5 6.Qh5+ g6 7.Qe2 Nf6 8.Bg5 fxe4
9.Bc2 Qe7 10.O-O-O Bxc3 11.bxc3 Nc6 12.f3 Qa3+ 13.Kb1 O-O 14.Bc1 Qxc3 15.
Bb2 Qa5 16.a3 e5 17.d5 Nd4 18.Rxd4 exd4 19.fxe4 b5 20.Nf3 Ba6 21.c5 b4 22.
Qd2 Rab8 23.Nxd4 Qxc5 24.Nb3 Qc4 25.a4 Nxe4 26.Bxe4 Qxe4+ 27.Ka1 Qd3 28.
Qh6 Rf7 29.Nc1 Qe4 30.Rd1 Re8 31.Rd4 Qe3 0-1